000 01022nam a2200241 a 4500
001 BRCA_8446
005 20190320210302.0
008 061115s2013----nyua######---#000-0#eng-#
020 _a9780300196146
041 _anyu
044 _aeng
050 4 _aNK600
_b.H57 2013
245 1 0 _aHistory of Design
_bdecorative arts and material culture, 1400-2000
_cPat Kirkham, Susan Weber, editors, The Bard Graduate Center ; project editor, Heather Jane McCormick ; with contributions by John Robert Alderman ... [et al.].
260 _aNueva York
_bBard Graduate Center: Decorative Arts, Design History, Material Culture ; New Haven : Yale University Press
_c[2013]
300 _axiii, 698 p.
_bil. a color, mapas
_c31 cm.
504 _aIncluye referencias bibliográficas e índice
650 1 4 _aArtes decorativas
_xHistoria
_921147
700 1 _aKirkham, Pat
_eed.
_921148
700 1 _aWeber, Susan
_d1954-
_eed.
_921149
700 1 _aMcCormick, Heather Jane
_921150
700 1 _aAlderman, John Robert
_921151
942 _2lcc
_cB
999 _c8113
_d8113